Movie Villains from AFI's 100 Years... 100 Heroes and Villains - Statistics

General Stats
  • This quiz has been taken 90 times
  • The average score is 9 of 15
Answer Stats
Hint Answer % Correct
Animal trying to kill people with its "Jaws" shark
97%
Cold fashion designer who needs a coat in "101 Dalmations" Cruella De Vil
92%
He may be a "Psycho", but he loves his mother Norman Bates
85%
Psychotic prisoner who enjoys fava beans and Starling Dr. Hannibal Lecter
84%
Winter caretaker for the Overlook Hotel in "The Shining" Jack Torrance
81%
Computer system who leaves Dave out in the cold in "2001" HAL 9000
75%
Believes greed is good, especially on "Wall Street" Gordon Gekko
67%
Vietnam vet who works as a New York "Taxi Driver" Travis Bickle
66%
International bullion dealer who gives James Bond the finger Auric Goldfinger
65%
He may be more than just one of "The Usual Suspects" Verbal Kint
51%
Captain who caused the "Mutiny on the Bounty" Captain Bligh
42%
He's singin' in the rain like a "Clockwork Orange" Alex De Large
37%
"It's a Wonderful Life" if you don't owe this mean businessman Henry Potter
34%
He's not really dead, he's "The Third Man" Harry Lime
32%
She has a "Fatal Attraction" to Dan Gallagher Alex Forrest
25%
No matching quizzes found
Score Distribution
Percent of People with Each Score
Percentile by Number Answered
Your Score History
You have not taken this quiz